| 000 | 00924nam a2200301 i 4500 | ||
|---|---|---|---|
| 003 | EG-ScBUE | ||
| 005 | 20230807101239.0 | ||
| 008 | 180204s2002 fr a f 001 0 eng d | ||
| 020 | _a9782845820661 | ||
| 020 | _a2845820666 | ||
| 040 |
_aEG-ScBUE _beng _erda _cEG-ScBUE _dEG-ScBUE |
||
| 043 | _af-ua--- | ||
| 082 | 0 | 4 |
_222 _a916.20455 _bHUM |
| 100 | 1 |
_aHumphreys, Andrew, _d1965- _eauthor. |
|
| 245 | 1 | 0 |
_aÉgypte / _cAndrew Humphreys, National Geographic Society. |
| 264 | 1 |
_aParis : _bNational Geographic Society, _c2002. |
|
| 300 |
_a399 pages : _billustrations ; _c18 cm. |
||
| 336 |
_2rdacontent _atext _btxt |
||
| 337 |
_2rdamedia _aunmediated _bn |
||
| 338 |
_2rdacarrier _avolume _bnc |
||
| 490 | 0 | _aGuides de voyage National Geographic | |
| 500 | _aIncludes index. | ||
| 650 | 7 |
_aEgypte _xGuides. _2BUEsh |
|
| 651 | _2BUEsh | ||
| 653 |
_bGGEN _cFebruary2018 |
||
| 655 | _vReading book | ||
| 942 |
_2ddc _cBB |
||
| 999 |
_c26068 _d26040 |
||